| 000 | 00578nam a2200193 a 4500 | ||
|---|---|---|---|
| 001 | 3858 | ||
| 003 | CO-ViMGA | ||
| 008 | 141112s2004 ck r 000 u spa d | ||
| 040 |
_aCO-ViMGA _bspa _cCO-ViMGA |
||
| 082 | 0 | 4 | _a379.24 F734a |
| 100 | 1 |
_aFreire, Paulo _954034 |
|
| 245 | 1 | 0 |
_aAlfabetización : _blectura de la palabra y lectura de la realidad / _cFreire Paulo , Macedo Donaldo |
| 260 |
_aBarcelona : _bPaidos, _c1989 |
||
| 300 | _a176 p | ||
| 490 | _aTemas de educación, 16 | ||
| 650 | 1 | 4 |
_aALFABETIZACION _954035 |
| 650 | 1 | 4 |
_aMacedo, Donaldo _954036 |
| 942 |
_2ddc _cBK |
||
| 999 |
_c15876 _d15876 |
||